Markets (Record no. 83735)
[ view plain ]
| 000 -LEADER | |
|---|---|
| fixed length control field | 01019cab a22001935a 4500 |
| 001 - CONTROL NUMBER | |
| control field | L154883 |
| 008 - FIXED-LENGTH DATA ELEMENTS--GENERAL INFORMATION | |
| fixed length control field | 120130e20120127xxk 000 0 eng d |
| 035 ## - SYSTEM CONTROL NUMBER | |
| System control number | (Sirsi) u154883 |
| 041 0# - LANGUAGE CODE | |
| Language code of text/sound track or separate title | eng |
| 100 1# - MAIN ENTRY--PERSONAL NAME | |
| Personal name | Stewart, Sarah |
| 245 00 - TITLE STATEMENT | |
| Title | Markets |
| Remainder of title | north-east |
| 260 ## - PUBLICATION, DISTRIBUTION, ETC. | |
| Date of publication, distribution, etc. | 2012 |
| 490 #0 - SERIES STATEMENT | |
| Series statement | Property Week |
| Volume/sequential designation | 78(04) 27 January 2012, 45-52(5) |
| 520 ## - SUMMARY, ETC. | |
| Summary, etc. | G9 lobby group has been formed to advise local government on how to continue region's regeneration. Shortage of relocation sites for suppliers servicing increased production at Nissan's Sunderland site. Developer UK Land Estates has a packed year with 17m sq ft portfolio of projects in the region. Regional firms Storeys:SSP and Edward Symmons have merged to become Storeys Edward Symmons. Hammerson's £10m redevelopment in Newcastle city centre will begin in April 2012. Construction of 15 000 sq ft restaurant scheme at Metrocentre, Gateshead has started. |
| 590 ## - LOCAL NOTE (RLIN) | |
| Local note | KA |
| 651 #4 - SUBJECT ADDED ENTRY--GEOGRAPHIC NAME | |
| Geographic name | England |
| Chronological subdivision | 886- |
| 690 ## - LOCAL SUBJECT ADDED ENTRY--TOPICAL TERM (OCLC, RLIN) | |
| Topical term or geographic name as entry element | Commercial property |
| 9 (RLIN) | 6227 |
| 942 ## - ADDED ENTRY ELEMENTS (KOHA) | |
| Suppress in OPAC | 0 |
| Withdrawn status | Lost status | Source of classification or shelving scheme | Damaged status | Not for loan | Home library | Current library | Shelving location | Date acquired | Total Checkouts | Full call number | Barcode | Date last seen | Copy number | Price effective from | Koha item type |
|---|---|---|---|---|---|---|---|---|---|---|---|---|---|---|---|
| Dewey Decimal Classification | London | London | Journal article | 30/01/2012 | L154883 | 154883-1001 | 06/08/2019 | 1 | 06/08/2019 | Journal article |